Countries With Highest Atheism Share - Statistics

General Stats
  • This quiz has been taken 77 times
  • The average score is 16 of 25
Answer Stats
Percentage Country % Correct
42.0% China
96%
25.7% United Kingdom
87%
28.0% France
84%
23.9% Canada
83%
42.0% Netherlands
81%
29.0% United States of America
81%
22.3% Australia
79%
64.3% North Korea
79%
54.1% Estonia
77%
42.5% Russia
77%
27.0% Belgium
74%
25.1% Latvia
74%
43.3% South Korea
73%
38.5% New Zealand
71%
81.6% Vietnam
71%
34.5% Czechia
70%
21.4% Switzerland
66%
41.1% Belarus
64%
38.6% Mongolia
54%
23.0% Cuba
50%
18.7% Albania
31%
40.4% Uruguay
31%
20.6% Barbados
13%
21.3% Jamaica
13%
21.2% São Tomé and Principe
0%
No matching quizzes found
Score Distribution
Percent of People with Each Score
Percentile by Number Answered
Your Score History
You have not taken this quiz